000 00596nam a2200193Ia 4500
005 20260120124437.0
008 008 260114s9999 xx 000 0 eng d
020 _a9781838679644
037 _aEBOOK
040 _aCRL
_beng
_cCRL
041 _aeng
_2eng
084 _qCRL
245 0 _aNon-Financial Disclosure and Integrated Reporting: Practices and Critical Issues
260 _bEmerald Publishing
_c2020
700 _aLucrezia Songini
_9906493
856 _uhttps://www.emerald.com/insight/publication/doi/10.1108/S1479-3512202034
942 _cEBOOK
999 _c1498179
_d1498179